000 00980nam a2200277 a 4500
001 BRCA_6580
005 20190320205518.0
008 011011s1997----mx-a######---#000-0#spa-#
020 _a9683662501
041 _aspa
044 _amx
050 4 _aN5205
_b.P38 1997
245 1 0 _aPatrocinio, colección y circulación de las artes
_cedición a cargo de Gustavo Curiel.
260 _aMéxico
_bUNAM, Instituto de Investigaciones Estéticas
_c1997
300 _a826 p.
_bil.
_c24 cm.
440 0 _aEstudios de arte y estética
_v46
_916413
500 _aXX Coloquio Internacional de Historia del Arte. Ciudad de México, 1996
500 _aDonación Dra. Elsa Barberena
504 _aIncluye referencias bibliográficas
546 _aTexto en: español, inglés y francés.
650 1 4 _aPatrocinio del arte
_xCongresos
_916414
650 1 4 _aArte
_vColecciones y coleccionistas
_xCongresos
_916415
700 1 _aCuriel, Gustavo
_eed.
_92378
902 _aDEB
942 _2lcc
_cB
999 _c6264
_d6264